000 01356cam a22003014a 4500
999 _c23123
_d23123
001 14360070
005 20170125155914.0
008 060501s2006 nmua b 001 0beng
010 _a 2006014667
020 _a0865344981 (hardbound : alk. paper)
050 0 0 _aND237.K227G73 2006
100 1 _aGraves, Harmon S.
245 1 0 _aPassionate landscape :
_bthe painting journeys of Buffalo Kaplinski /
_cby Harmon S. Graves ; foreword by B. Byron Price.
246 3 0 _aPainting journeys of Buffalo Kaplinski
260 _aSanta Fe :
_bSunstone Press,
_cc2006.
300 _a183 p. :
_bill. (chiefly col.) ;
_c29 cm.
504 _aIncludes bibliographical references (p. 178-179) and index.
600 1 0 _aKaplinski, Buffalo,
_d1943-
650 0 _aLandscape painters
_zUnited States
_vBiography.
700 1 _aKaplinski, Buffalo,
_d1943-
856 4 1 _3Table of contents only
_uhttp://www.loc.gov/catdir/toc/ecip0613/2006014667.html
942 _2lcc
_cBOOKS